000 00338nam a2200133Ia 4500
008 210210b1962 xxu||||| |||| 00| 0 eng d
082 _a339 BAIN
100 _aBAILEY (Martin J).
245 _aNational income and the price level.
260 _aTokyo
_bMcGraw Hill
_c1962
300 _a278
690 _aMacroeconomics
906 _aSG00906
999 _c112134
_d112134